<?xml version="1.0" encoding="UTF-8"?><?xml-stylesheet type="text/xsl" href="static/style.xsl"?><OAI-PMH xmlns="http://www.openarchives.org/OAI/2.0/" xmlns:xsi="http://www.w3.org/2001/XMLSchema-instance" xsi:schemaLocation="http://www.openarchives.org/OAI/2.0/ http://www.openarchives.org/OAI/2.0/OAI-PMH.xsd"><responseDate>2026-04-13T18:23:35Z</responseDate><request verb="GetRecord" identifier="oai:www.recercat.cat:2099.1/16275" metadataPrefix="marc">https://recercat.cat/oai/request</request><GetRecord><record><header><identifier>oai:recercat.cat:2099.1/16275</identifier><datestamp>2025-07-17T16:35:48Z</datestamp><setSpec>com_2072_1033</setSpec><setSpec>col_2072_452951</setSpec></header><metadata><record xmlns="http://www.loc.gov/MARC21/slim" xmlns:dcterms="http://purl.org/dc/terms/" xmlns:xsi="http://www.w3.org/2001/XMLSchema-instance" xmlns:doc="http://www.lyncode.com/xoai" xsi:schemaLocation="http://www.loc.gov/MARC21/slim http://www.loc.gov/standards/marcxml/schema/MARC21slim.xsd">
   <leader>00925njm 22002777a 4500</leader>
   <datafield ind2=" " ind1=" " tag="042">
      <subfield code="a">dc</subfield>
   </datafield>
   <datafield ind2=" " ind1=" " tag="720">
      <subfield code="a">Izquierdo Morenilla, Maria José</subfield>
      <subfield code="e">author</subfield>
   </datafield>
   <datafield ind2=" " ind1=" " tag="260">
      <subfield code="c">2012-02-08</subfield>
   </datafield>
   <datafield ind2=" " ind1=" " tag="520">
      <subfield code="a">L’objectiu principal d’aquest projecte és la realització de l’aixecament arquitectònic de l’església Sant Martí ubicada a Torrelles de Llobregat, així com un estudi exhaustiu de la historia i circumstàncies q varen envoltar la seva construcció. Des de sempre havia tingut clar que volia fer un aixecament gràfic com a projecte final, ja que penso que és molt agraït poder combinar aspectes de camp amb aspectes de despatx i recerca històrica. A més la realització d’aquest PFC m’ha brindat la oportunitat de poder posar en pràctica alguns dels coneixements que he anat assolint al llarg de la carrera. En base a aquesta idea de projecte, vaig pensar en el poble Torrelles de Llobregat, municipi del que no sóc ciutadana, però donada la proximitat amb la meva residència he tingut molt contacte en els últims anys. En aquest municipi, s'aixeca majestuosament l’església neogòtica de Sant Martí. Les seves grans dimensions i la seva, curiosament humil elegància, sempre havien cridat la meva atenció. Haig de dir que tot i que es tracta d’un edifici eclesiàstic, la meva decisió no va estar vinculada a motius religiosos sinó més aviat a motius d’ interès històric i arquitectònic. Vaig fer-hi una primera visita amb el mossèn, qui, a més de transmetre’m informació inicial bàsica sobre l’edifici, em va fer saber del sentiment i la importància que té aquest temple per la història del poble. Una comunitat que s’ha bolcat amb la seva parròquia desinteressadament des de la seva construcció fins a l’actualitat. Aquesta història de la que no era conscient va despertar encara més la meva curiositat, i va fer que volgués aprofundir més en el seu estudi. Pel que fa l’estil, sento certa simpatia pels monuments neogòtics, d’ estètica i composició arquitectònica que trobo bastant pintoresca, però alhora amb molta elegància. Motivada doncs per la idea de realitzar aquest projecte em vaig dirigir a la universitat, on vaig presentar la meva proposta al Julio i a en Jordi, els qui, interessats, em van animar a dur-la a terme. Un cop va ser acceptada em vaig plantejar les bases a seguir en la realització d’aquest PFC, les que podríem dividir en: • Recopilació d’informació – feina de recerca històrica i gràfica. Gestions administratives. Visites a biblioteques, església, xerrades amb veïns, etc. • Treball de camp - Aixecament gràfic: Amidaments per mitjans manuals i amb l’estació. • Treball de despatx: Manipulació de punts i mides amb el programa Autocad i Photoshop. Realització de plànols. • Realització de la memòria: Plasmar per escrit tota la informació recopilada, adjuntar plànols realitzats, així com fotografies i annexes. L’estructuració del treball l’he dut a terme per temàtiques, intentant seguir un ordre lògic d’exposició. Comencem introduint el municipi on es situa l’edifici fruit d’estudi, a continuació es desenvolupa detalladament l’estudi històric, que avarca tant al poble, com a l’església. Seguidament es presenta l’arquitecte, el sr. Joaquin Codina, així com la seva obra i el tipus de moviment arquitectònic de l’època. Ens trobem després, potser amb el dos capítols més importants del projecte; la descripció de l’església i el mètode d’aixecament gràfic utilitzat. Amb l’objectiu de facilitar i agilitzar la seva comprensió, a l’estudi s’inclou també un reportatge fotogràfic de l’estat actual de l’església i finalment s’adjunten els annexes amb informació complementaria i els plànols realitzats. Com a resultat final, tenim aquest projecte, que penso que pot ser una eina útil d’informació i amb el qual espero contribuir a un millor coneixement del poble, als seus costums i particularment a la seva església dedicada a Sant Martí.</subfield>
   </datafield>
   <datafield tag="653" ind2=" " ind1=" ">
      <subfield code="a">Àrees temàtiques de la UPC::Arquitectura::Sistemes de representació arquitectònica</subfield>
   </datafield>
   <datafield tag="653" ind2=" " ind1=" ">
      <subfield code="a">Historic buildings</subfield>
   </datafield>
   <datafield tag="653" ind2=" " ind1=" ">
      <subfield code="a">Church buildings</subfield>
   </datafield>
   <datafield tag="653" ind2=" " ind1=" ">
      <subfield code="a">Surveys</subfield>
   </datafield>
   <datafield tag="653" ind2=" " ind1=" ">
      <subfield code="a">Historicism</subfield>
   </datafield>
   <datafield tag="653" ind2=" " ind1=" ">
      <subfield code="a">Esglésies -- Catalunya -- Torrelles de Llobregat</subfield>
   </datafield>
   <datafield tag="653" ind2=" " ind1=" ">
      <subfield code="a">Edificis històrics -- Catalunya -- Torrelles de Llobregat</subfield>
   </datafield>
   <datafield tag="653" ind2=" " ind1=" ">
      <subfield code="a">Patrimoni històric -- Catalunya -- Torrelles de Llobregat</subfield>
   </datafield>
   <datafield tag="653" ind2=" " ind1=" ">
      <subfield code="a">Aixecaments arquitectònics -- Catalunya -- Torrelles de Llobregat</subfield>
   </datafield>
   <datafield tag="653" ind2=" " ind1=" ">
      <subfield code="a">Historicisme -- Catalunya -- Torrelles de Llobregat</subfield>
   </datafield>
   <datafield tag="653" ind2=" " ind1=" ">
      <subfield code="a">Església parroquial de Sant Marí de Tours (Torrelles de Llobregat, Catalunya)</subfield>
   </datafield>
   <datafield ind2="0" ind1="0" tag="245">
      <subfield code="a">Aixecament arquitectònic de l'Església Sant Martí a Torrelles de Llobregat</subfield>
   </datafield>
</record></metadata></record></GetRecord></OAI-PMH>